| 000 | 00848nam a22002657a 4500 | ||
|---|---|---|---|
| 001 | 101259 | ||
| 003 | UA-OsUOA | ||
| 005 | 20230914154206.0 | ||
| 007 | ta | ||
| 008 | 20130611b un ||||| |||| 00| 0 ukr d | ||
| 020 | _a5244008684 | ||
| 040 |
_aUA-OsUOA _brus _cUA-OsUOA _dUA-OsUOA |
||
| 041 | _arus | ||
| 080 | _a32.019.5 | ||
| 090 |
_a32.019.5 _bА72 |
||
| 245 |
_aАнтология мировой политической мысли _cотв. ред. Т. А. Алексеева |
||
| 260 |
_aМ. _bМысль _c1997 |
||
| 300 | _a830 с. | ||
| 505 |
_gТ. ІІ _tЗарубежная политическая мысль: ХХ в. |
||
| 650 | 7 |
_a32 Політика _2UDC |
|
| 700 | 1 |
_aАлексеева Т. А. _eотв. ред. |
|
| 942 |
_cBK _2udc |
||
| 955 | _a1 | ||
| 999 |
_c387433 _d387433 |
||